000
00252nam a2200109Ia 4500
008
231212s1976 xx 000 0 und d
041
_a
eng
082
_a
621.381
100
_a
Gupta
245
_a
Electrical Engineering
260
_a
Dehli
_b
New Hei
_c
1976
999
_c
957695
_d
957695